000 01253cam a2200265 a 4500
001 000001267
003 DO-SdBNP
005 20211112135037.0
008 010824s2001 bl b 001 0 por
020 _a8535901132
040 _aDO-SdBNP
_cEYM
_dDLC
_dNOC
_dEL
_dDLC
082 4 _a305.552
_bM619i
_222
100 1 _aMiceli, Sergio
_94304
245 1 0 _aIntelectuais a brasileira /
_cSergio Miceli.
260 _aSao Paulo, SP :
_bCompanhia das Letras,
_c2001.
300 _a436 p. ;
_c23 cm.
504 _aIncluye referencias bibliográficas e índices.
505 0 _aAnálises: Poder, sexo e letras na Republica Velha; Intelectuais e classe dirigente no Brasil (1920-1945); O Conselho Nacional de Educação: "Esboco de analizar de um aparelho de estado (1931-1937) - Artigos: Biografia e cooptacao (o estado actual das Fontes para a historia das elites e politica no Brasil); SPHAN: Refrigerio da cultura oficial; Intellectuais brasileiros - Depoimentos: A construção do trabalho intelectual.
650 0 _aIntelectuales
_zBrasil
_xHistoria
_ySIGLO XX
_94305
651 0 _aBrasil
_xVida Intelectual
_94306
651 4 _aBrasil
_xPolítica y gobierno
_ySiglo XX
_94307
910 _aCatalogación por copia / LC
910 _aWM
942 _2ddc
_cLBS1
999 _c1210
_d1210